000 02255nam a2200313 a 4500
008 120416s2002 ||||||||||||||||| || u
020 _a0072470895
050 _aQA 76.76.O63 Mic
100 _aHaag, Stephen
245 1 0 _aMicrosoft windows 2000
246 _aintroductory
260 _aBoston :
_bMcGraw-Hill
_c2002
300 _axviii, : ill.
350 _a0.00
490 _aThe I-Series
650 _aMICROSOFT WINDOWS (COMPUTER FILE)
650 0 _aOPERATING SYSTEMS--COMPUTERS
650 _aCOMPUTERS
995 _aANNEX COLLECTION (Main Library)
_D0.00
_e737206
_FCBU-MAIN LIBRARY (Kitwe)
_H1
_I0.00
_jQA 76.76.O63 MIC
_M10
_UAVAILABLE
_WApr 25, 2006
_y41055
_ZAnnex Low-Usage Collection
995 _aANNEX COLLECTION (Main Library)
_D0.00
_e737204
_FCBU-MAIN LIBRARY (Kitwe)
_H2
_I15.00
_jQA 76.76.O63 Mic
_M2
_UAVAILABLE
_y41050
_ZAnnex Low-Usage Collection
995 _aANNEX COLLECTION (Main Library)
_D0.00
_e737205
_FCBU-MAIN LIBRARY (Kitwe)
_H5
_I15.00
_jQA 76.76.O63 Mic
_M5
_UAVAILABLE
_WMay 3, 2006
_y41048
_ZAnnex Low-Usage Collection
995 _aMAIN LIBRARY OPEN ACCESS
_D0.00
_e737208
_FCBU-MAIN LIBRARY (Kitwe)
_H7
_I15.00
_jQA 76.76.O63 Mic
_M7
_UAVAILABLE
_y41047
_ZMain Library Open Access Collection
995 _aANNEX COLLECTION (Main Library)
_D0.00
_e737209
_FCBU-MAIN LIBRARY (Kitwe)
_H4
_I15.00
_jQA 76.76.O63 Mic
_M4
_UAVAILABLE
_y41060
_ZAnnex Low-Usage Collection
995 _aMAIN LIBRARY OPEN ACCESS
_D0.00
_e737202
_FCBU-MAIN LIBRARY (Kitwe)
_H6
_I15.00
_jQA 76.76.O63 Mic
_M6
_UAVAILABLE
_WMay 3, 2006
_y41054
_ZMain Library Open Access Collection
995 _aANNEX COLLECTION (Main Library)
_D0.00
_e737208
_FCBU-MAIN LIBRARY (Kitwe)
_H3
_I15.00
_jQA 76.76.O63 Mic
_M3
_UAVAILABLE
_y41053
_ZAnnex Low-Usage Collection
995 _aANNEX COLLECTION (Main Library)
_D0.00
_e737207
_FCBU-MAIN LIBRARY (Kitwe)
_H9
_I15.00
_jQA 76.76.O63 Mic
_M9
_UAVAILABLE
_WJul 11, 2006
_y41056
_ZAnnex Low-Usage Collection
995 _aANNEX COLLECTION (Main Library)
_D0.00
_e737203
_FCBU-MAIN LIBRARY (Kitwe)
_H8
_I15.00
_jQA 76.76.O63 Mic
_M8
_UAVAILABLE
_WMay 22, 2006
_y41049
_ZAnnex Low-Usage Collection
995 _aANNEX COLLECTION (Main Library)
_D0.00
_e737211
_FCBU-MAIN LIBRARY (Kitwe)
_H1
_I15.00
_jQA 76.76.O63 Mic
_M1
_UAVAILABLE
_WApr 25, 2006
_y41046
_ZAnnex Low-Usage Collection
999 _c77643
_d77643